Central Library OPAC University of Rajshahi

নওসাদ অমনিয়ানা / (Record no. 57433)

MARC details
000 -LEADER
fixed length control field 00770nam a2200229 a 4500
001 - CONTROL NUMBER
control field 57433
003 - CONTROL NUMBER IDENTIFIER
rucl marc code BD-RjUL
005 - DATE AND TIME OF LATEST TRANSACTION
control field 20211209080519.0
008 - FIXED-LENGTH DATA ELEMENTS--GENERAL INFORMATION
fixed length control field 161210s2014 bg ||||| |||| 00| 0 ben d
020 ## - INTERNATIONAL STANDARD BOOK NUMBER
International Standard Book Number 97898489541077
Terms of availability : Tk.270.00
035 ## - SYSTEM CONTROL NUMBER
System control number (BD-RjUL)57557
040 ## - CATALOGING SOURCE
Original cataloging agency BD-RjUL
Language of cataloging ben
Transcribing agency BD-RjUL
Modifying agency BD-RjUL
041 ## - LANGUAGE CODE
Language code of text/sound track or separate title ben
082 ## - DEWEY DECIMAL CLASSIFICATION NUMBER
Edition number 23
Classification number 100
Author mark and year ALN 2014
100 ## - MAIN ENTRY--PERSONAL NAME
Personal name আলী, মোঃ নওসাদ
9 (RLIN) 170554
245 10 - TITLE STATEMENT
Title নওসাদ অমনিয়ানা /
Statement of responsibility, etc. মোঃ নওসাদ আলী
260 ## - PUBLICATION, DISTRIBUTION, ETC. (IMPRINT)
Place of publication, distribution, etc. ঢাকা :
Name of publisher, distributor, etc. এশিয়া পাবলিকেশন্স,
Date of publication, distribution, etc. ২০১৪.
300 ## - PHYSICAL DESCRIPTION
Pagination ১৪৩ পৃ. ;
Size ২১ সেমি.
650 ## - SUBJECT ADDED ENTRY--TOPICAL TERM
Topical term or geographic name as entry element দর্শন
9 (RLIN) 170458
Topical term or geographic name as entry element Philosophy
9 (RLIN) 170555
942 ## - ADDED ENTRY ELEMENTS (KOHA)
Source of classification or shelving scheme Dewey Decimal Classification
Koha item type Books
Holdings
Lost status Source of classification or shelving scheme Damaged status Not for loan Collection code Permanent Location Current Location Shelving location Date acquired Source of acquisition Cost, normal purchase price Total Checkouts Full call number Date last seen Copy number Koha item type Date checked out
  Dewey Decimal Classification   Not For Loan Non-fiction Central Library, University of Rajshahi Central Library, University of Rajshahi Reading Room 15/11/2016 Author, gift 270.00   B 100 ALN 2014 10/12/2016 C-1 Books  
  Dewey Decimal Classification     Non-fiction Central Library, University of Rajshahi Central Library, University of Rajshahi   15/11/2016 Author, gift 270.00 1 B 100 ALN 2014 29/01/2019 C-2 Books 28/01/2019